Yế tố lịch sử trong " Kiếm sắc, Vàng lửa, Phẩm tiết" của Nguyễn Huy Thiệp
Nguyễn Huy Thiệp trong quá trình vận động của văn học VN đương đại. Truyện ngắn Nguyễn Huy Thiệp - một cách cảm nhận mới về lịch sử
সংরক্ষণ করুন:
| প্রধান লেখক: | |
|---|---|
| অন্যান্য লেখক: | |
| বিন্যাস: | গ্রন্থ |
| ভাষা: | Vietnamese |
| প্রকাশিত: |
Đại học Đà Nẵng
Trường Đại Học Sư Phạm
2011
|
| মালা: | Báo cáo nghiên cứu khoa học. Chuyên ngành : Cử nhân văn học
|
| বিষয়গুলি: | |
| ট্যাগগুলো: |
ট্যাগ যুক্ত করুন
কোনো ট্যাগ নেই, প্রথমজন হিসাবে ট্যাগ করুন!
|
| Thư viện lưu trữ: | Mạng thư viện Đại học Đà Nẵng |
|---|
| LEADER | 01590nam a2200337 4500 | ||
|---|---|---|---|
| 001 | 000012766 | ||
| 003 | 9085 | ||
| 005 | 20120228110206.0 | ||
| 008 | 120228s2011 viesd | ||
| 041 | |a vie | ||
| 072 | |a Công trình nghiên cứu khoa học | ||
| 082 | |a 808.309 |b NG-H | ||
| 100 | |a Nguyễn, Thị Hạnh |e Tác giả | ||
| 245 | |a Yế tố lịch sử trong " Kiếm sắc, Vàng lửa, Phẩm tiết" của Nguyễn Huy Thiệp |c Nguyễn Thị Hạnh, Bùi Thị Minh, Đào Thị Quyên, Nguyễn, Thị Ngọc Thủy | ||
| 260 | |a Đại học Đà Nẵng |b Trường Đại Học Sư Phạm |c 2011 | ||
| 300 | |a 49 tr. |c 29 cm | ||
| 490 | |a Báo cáo nghiên cứu khoa học. Chuyên ngành : Cử nhân văn học | ||
| 500 | |a Tham khảo tr.49 | ||
| 520 | |a Nguyễn Huy Thiệp trong quá trình vận động của văn học VN đương đại. Truyện ngắn Nguyễn Huy Thiệp - một cách cảm nhận mới về lịch sử | ||
| 653 | |a Kiếm sắc, Vàng lửa, Phẩm tiết |a lịch sử |a Nguyễn Huy Thiệp | ||
| 700 | |a Nguyễn, Phong Nam |c PGS.TS |e Hướng dẫn | ||
| OWN | |a LSP | ||
| AVA | |a UDN50 |b LSP |d 808.309 NG-H |e available |t Error 5001 Not defined in file expand_doc_bib_avail. |f 1 |g 0 |h N |i 0 |k 1 | ||
| 999 | |a From the UDN01 | ||
| AVA | |a UDN50 |b LSP |d 808.309 NG-H |e available |t Error 5001 Not defined in file expand_doc_bib_avail. |f 1 |g 0 |h N |i 0 |k 1 | ||
| TYP | |a Monograph | ||
| TYP | |a Printed language | ||
| 980 | |a Mạng thư viện Đại học Đà Nẵng | ||